La nación española defendida de los insultos del pensador y sus secuaces (Record no. 160698)
[ view plain ]
| 000 -LEADER | |
|---|---|
| campo de control de longitud fija | 01154nam a2200217 i 4500 |
| 001 - NÚMERO DE CONTROL | |
| campo de control | 160698 |
| 003 - IDENTIFICADOR DE NÚMERO DE CONTROL | |
| campo de control | ES-MaACL |
| 005 - FECHA Y HORA DE LA ÚLTIMA TRANSACCIÓN | |
| campo de control | 20250930063140.0 |
| 008 - DATOS DE LONGITUD FIJA--INFORMACIÓN GENERAL | |
| campo de control de longitud fija | 010717s1764 sp |||| | spa d |
| 100 1# - ENTRADA PRINCIPAL--NOMBRE DE PERSONA | |
| Nombre de persona | Nifo, Francisco Mariano, |
| Fechas asociadas al nombre | 1719-1803 |
| 9 (RLIN) | 130493 |
| 245 13 - MENCIÓN DEL TÍTULO | |
| Título | La nación española defendida de los insultos del pensador y sus secuaces |
| Resto del título | : en este escrito se manifiesta con testimonios franceses, que las comedias de España, además de originales, son las mejores de la Europa y que los famosos poetas españoles deben ser celebrados pero no reprendidos / |
| Mención de responsabilidad, etc. | dalo al público Don Francisco Mariano Nipho... |
| 260 ## - PUBLICACIÓN, DISTRIBUCIÓN, ETC. | |
| Lugar de publicación, distribución, etc. | En Madrid : |
| Nombre del editor, distribuidor, etc. | en la imprenta de D. Gabriel Ramirez : |
| -- | se hallará en la Librería de Francisco Fernández ..., |
| Fecha de publicación, distribución, etc. | 1764. |
| 300 ## - DESCRIPCIÓN FÍSICA | |
| Extensión | 104 p. ; |
| Dimensiones | 15 cm. |
| 510 4# - NOTA DE CITAS O REFERENCIAS BIBLIOGRÁFICAS | |
| Nombre de la fuente | Aguilar Piñal, |
| Localización dentro de la fuente | VI-488 |
| 530 ## - NOTA DISPONIBLE DE FORMULARIO FÍSICO ADICIONAL | |
| Nota de formato físico adicional disponible | Disponible en formato digital. |
| 597 ## - NOTA DE DESCRIPCIÓN FÍSICA | |
| NOTA DE DESCRIPCIÓN FÍSICA | Sign. :A-F8, G4. |
| 650 #4 - PUNTO DE ACCESO ADICIONAL DE MATERIA--TÉRMINO DE MATERIA | |
| Término de materia o nombre geográfico como elemento de entrada | Teatro clásico- |
| Subdivisión general | Historia y crítica. |
| 9 (RLIN) | 162227 |
| 852 ## - LOCALIZACIÓN | |
| Ubicación | ES-MaACL |
| Número de control de estantería | R-3190 |
| Encuadernación | .- Olim: T-1354-F-1 |
| 856 ## - LOCALIZACIÓN Y ACCESO ELECTRÓNICOS | |
| Identificador Uniforme de Recursos | <a href="http://bdh-rd.bne.es/viewer.vm?id=0000048328&page=1 ">http://bdh-rd.bne.es/viewer.vm?id=0000048328&page=1 </a> |
| Nota pública | Biblioteca Digital Hispánica |
| Estatus retirado | Estado de pérdida | Estado de daño | No para préstamo | Colección | Biblioteca de origen | Biblioteca actual | Ubicación en estantería | Fecha de adquisición | Total de préstamos | Signatura topográfica completa | Código de barras | Visto por última vez | Precio de reemplazo | Tipo de ítem Koha |
|---|---|---|---|---|---|---|---|---|---|---|---|---|---|---|
| Colección digital | Biblioteca del Ateneo de Madrid | Biblioteca del Ateneo de Madrid | Depósito | 17/01/2008 | R-3190 | 1168279 | 23/02/2023 | 23/02/2023 | Libro impreso antiguo |
